书目信息 |
| 题名: |
变形监测技术与工程应用
|
|
| 作者: | 邱冬炜 , 丁克良 , 黄鹤 , 陈秀忠 编著 | |
| 分册: | ||
| 出版信息: | 武汉 武汉大学出版社 2016.05 |
|
| 页数: | 183页 | |
| 开本: | 26cm | |
| 丛书名: | ||
| 单 册: | ||
| 中图分类: | TU196 | |
| 科图分类: | ||
| 主题词: | 建筑工程--jian zhu gong cheng--变形观测 | |
| 电子资源: | ||
| ISBN: | 978-7-307-17807-6 | |
| 000 | 01227nam0 2200301 450 | |
| 001 | 96405 | |
| 005 | 20250912172901.34 | |
| 010 | @a978-7-307-17807-6@dCNY28.00 | |
| 100 | @a20160628d2016 em y0chiy50 ea | |
| 101 | 0 | @achi |
| 102 | @aCN@b420000 | |
| 105 | @aak a 000yy | |
| 106 | @ar | |
| 200 | 1 | @a变形监测技术与工程应用@Abian xing jian ce ji shu yu gong cheng ying yong@d= Deformation monitoring technology and engineering application@f邱冬炜 ... [等] 编著@zeng |
| 210 | @a武汉@c武汉大学出版社@d2016.05 | |
| 215 | @a183页@c图@d26cm | |
| 304 | @a题名页题其余责任者: 丁克良, 黄鹤, 陈秀忠 | |
| 320 | @a有书目 (第182-183页) | |
| 330 | @a本书以城市建设工程领域变形监测理论和技术方法为基础, 以北京建筑大学研发的CiDeM变形监测系统为平台, 结合实际工程案例, 阐述变形监测技术及其工程应用。全书共分十章, 采用两段式的写作方式。 | |
| 510 | 1 | @aDeformation monitoring technology and engineering application@zeng |
| 606 | 0 | @a建筑工程@Ajian zhu gong cheng@x变形观测 |
| 690 | @aTU196@v5 | |
| 701 | 0 | @a邱冬炜@Aqiu dong wei@4编著 |
| 701 | 0 | @a丁克良@Ading ke liang@4编著 |
| 701 | 0 | @a黄鹤@Ahuang he@4编著 |
| 701 | 0 | @a陈秀忠@Achen xiu zhong@4编著 |
| 801 | 0 | @aCN@c20250909 |
| 905 | @a河南城建学院图书馆@dTU196@eQ710 | |
| 变形监测技术与工程应用= Deformation monitoring technology and engineering application/邱冬炜 ... [等] 编著.-武汉:武汉大学出版社,2016.05 |
| 183页:图;26cm |
| ISBN 978-7-307-17807-6:CNY28.00 |
| 本书以城市建设工程领域变形监测理论和技术方法为基础, 以北京建筑大学研发的CiDeM变形监测系统为平台, 结合实际工程案例, 阐述变形监测技术及其工程应用。全书共分十章, 采用两段式的写作方式。 |
| ● |
| 相关链接 |
|
|
|
正题名:变形监测技术与工程应用
索取号:TU196/Q710
 
预约/预借
| 序号 | 登录号 | 条形码 | 馆藏地/架位号 | 状态 | 备注 |
| 1 | 1630909 | 216309091 | 建筑库101/101建筑库 27排4列2层/ [索取号:TU196/Q710] | 在馆 |